00883nam a2200217 i 4500001000700000003000900007007000300016008004100019080001500060245002600075260005600101300002200157490007100179500010900250500002900359650002400388830007900412852003300491999001900524952012200543105388ES-MaACLt|060704s1963 fr ||||1| fre d a330.342.1400aCrise du capitalisme. aParis : bEditions de la Nouvelle Critique, c1963. a292 p. ; c23 cm.1 aRecherches internationales áa la lumière du marxisme ; v35-36 aEs el nº 35-36, en.-abr. 1963, de la revista "Recherches internationales áa la lumière du marxisme" aBiblioteca Juan Andrade.14aCapitalismo.9107600 aRecherches internationales áa la lumière du marxisme ; v35-369232713 aES-MaACLjAND-184 bR.109483 c105388d105388 00104070aATENEOMbATENEOMcDEPO2d2008-01-17eSCl0oAND-184p1110019r2023-02-23 00:00:00w2023-02-23yMONOGRAFIA